| 000 | 00895cam a2200241 4500 | ||
|---|---|---|---|
| 001 | WB3732-37 | ||
| 008 | 010829n2001 000 0 eng u | ||
| 035 | _a(Sirsi) u114364 | ||
| 245 | _aBringing students and agents together | ||
| 260 | _c2001 | ||
| 490 |
_aNegotiator _v16(17) 24 August 2001, 8(1) |
||
| 520 | _aJarvis, a provider of university accommodation and international facilities management group, has launched a new service called London Student Village. The new service will introduce estate agents and landlords to students seeking accommodation in London. It will be available on: http://www.thelsv.com | ||
| 590 | _aWB | ||
| 650 | _aSTUDENTS | ||
| 650 | _aLANDLORDS | ||
| 650 | _aESTATE AGENTS | ||
| 650 | _aJARVIS | ||
| 650 | _aLONDON | ||
| 650 | _aLONDON STUDENT VILLAGE | ||
| 650 | _aINTERNET SERVICE | ||
| 690 | _aPROPERTY-LANDLORD AND TENANT | ||
| 942 | _n0 | ||
| 999 |
_c68105 _d68105 |
||